Logo BPK

Biblioteka

Politechniki Koszalińskiej

The impact of harmful algal blooms on finfish = (Rekord nr 45046)

Szczegóły MARC
000 -ETYKIETA REKORDU
podpole kontrolne o stałej długości 01274nam a2200301 i 4500
001 - NUMER KONTROLNY REKORDU
pole kontrolne bg
020 ## - MIĘDZYNARODOWY ZNORMALIZOWANY NUMER KSIĄŻKI - ISBN
ISBN 2905434643
040 ## - ŹRÓDŁO KATALOGOWANIA
Instytucja, która utworzyła rekord BPK
041 1# - KOD JĘZYKA
Kod języka tekstu eng
Kod języka streszczenia lub abstraktu fra
Kod języka oryginału fra
080 ## - UNIWERSALNA KLASYFIKACJA DZIESIĘTNA - UKD
UKD 582.26:592.2/.5:574.5](26)
920 ## - Międzynarodowy znormalizowany numer książki – ISBN
ISBN 2-905434-64-3
008 - POLE O STAŁEJ DŁUGOŚCI - DANE KONTROLNE
podpole kontrolne o stałej długości s pl f |000 0 pol
100 1# - NAZWA OSOBOWA
Nazwa osobowa BRUSLE, Jacques
245 10 - TYTUŁ/ODPOWIEDZIALNOŚĆ
Tytuł The impact of harmful algal blooms on finfish =
Ciąg dalszy tytułu Impact des toxines algales sur les poissons : mortality, pathology and toxicology = mortalité, pathologie, toxicologie /
Pozostałe elementy strefy tytułu i oznaczenia odpowiedzialności Jacques Bruslé.
260 ## - STREFA ADRESU WYDAWNICZEGO
Miejsce wydania Plouzane :
Nazwa wydawcy/dystrybutora Ifremer,
Data publikacji, dystrybucji/powstania dokumentu 1995.
300 ## - STREFA OPISU FIZYCZNEGO
Objętość 75 s. :
Inne cechy fizyczne il. ;
Rozmiary 30 cm.
490 1# - STREFA SERII I DOKUMENTU WIELOCZĘŚCIOWEGO - FORMA NIE DO WYSZUKIWANIA
Tytuł i oznaczenie odpowiedzialności serii Reperes Ocean,
ISSN 1240-1153 ;
Numeracja w obrębie serii No 10-1995
500 ## - UWAGI OGÓLNE
Tekst uwagi Tyt. równol.: "Impact des toxines algales sur les poissons". - Streszcz. franc.
500 ## - UWAGI OGÓLNE
Tekst uwagi Praca przedstawiona na konferencji "6e Confernce Internationale sur le Phytoplancton Marin, Nantes, 18-22 octobre 1993".
504 ## - UWAGA DOTYCZĄCA BIBLIOGRAFII
Informacje o bibliografii Bibliogr.
650 #9 - HASŁO PRZEDMIOTOWE W FORMIE NAZWY OGÓLNEJ LUB JEDNOSTKOWEJ
Nazwa ogólna lub geograficzna Glony
Określnik ogólny wpływ na środowisko
650 #9 - HASŁO PRZEDMIOTOWE W FORMIE NAZWY OGÓLNEJ LUB JEDNOSTKOWEJ
Nazwa ogólna lub geograficzna Ryby morskie
650 #9 - HASŁO PRZEDMIOTOWE W FORMIE NAZWY OGÓLNEJ LUB JEDNOSTKOWEJ
Nazwa ogólna lub geograficzna Morze
Określnik ogólny ekologia
-- badanie
650 #9 - HASŁO PRZEDMIOTOWE W FORMIE NAZWY OGÓLNEJ LUB JEDNOSTKOWEJ
Nazwa ogólna lub geograficzna Morze
Określnik ogólny fauna i flora
-- badanie
830 ## - HASŁO DODATKOWE SERII LUB DOKUMENTU WIELOCZĘŚCIOWEGO - TYTUŁ UJEDNOLICONY
Tytuł ujednolicony Reperes Ocean,
-- 1240-1153 ;
856 ## - LOKALIZACJA I DOSTĘP DO ELEKTRONICZNYCH DOKUMENTÓW ZDALNYCH
Link (URL) http://koha.tu.koszalin.pl/cgi-bin/koha/opac-detail.pl?biblionumber=45046
Tekst linku Katalog online BPK
942 ## - DODATKOWE ELEMENTY (KOHA)
Typ dokumentu Książka
Egzemplarze
Wycofany Status egzemplarza Uszkodzony Dostępność Lokalizacja stała Lokalizacja bieżąca Miejsce przechowywania Sygnatura Kod kreskowy Status: wypożyczony Typ dokumentu
      Dostępny Biblioteka Politechniki Koszalińskiej Biblioteka Politechniki Koszalińskiej Wypożyczalnia BG 73069 02181035 03.11.2026 Książka
© 2023 Biblioteka Politechniki Koszalińskiej :: KOHA